Ponte Pietra : storia e storie /

Guardado en:
Detalles Bibliográficos
Autores principales: Lazzarini, Ennio (Autor), Onofri, Valdes (Autor)
Formato: Libro
Lenguaje:italiano
Publicado: Cesena : Il ponte vecchio, \1996!
Colección:Vicus ; 14
Materias:
Etiquetas: Agregar Etiqueta
Sin Etiquetas, Sea el primero en etiquetar este registro!

MARC

LEADER 00000nam a22000007i 4500
001 IT\ICCU\RAV\0272583
003 ItRI
005 20260115232246.0
008 960514s1996 it |||||| ||||| |||||c
040 |b ita  |c importazione bologna sebina 
041 7 |a ita  |2 ISO-639-2 
100 1 |a Lazzarini, Ennio  |0 IT\ICCU\CFIV\000318  |4 aut 
245 1 0 |a Ponte Pietra :  |b storia e storie /  |c Ennio Lazzarini, Valdes Onofri. 
260 |a Cesena :  |b Il ponte vecchio,  |c \1996! 
300 |a 187 p. :  |b ill. ;  |c 24 cm. 
650 7 |a PONTE PIETRA <CESENA>  |2 scbi 
700 1 |a Onofri, Valdes  |0 IT\ICCU\RAVV\095084  |4 aut 
830 0 |a Vicus ;  |v 14  |0 IT\ICCU\RAV\0233949 
942 |2 ddc  |c BK  |n 0 
952 |0 0  |1 0  |4 0  |6 DOC_711_409000000000000_LAZ  |7 0  |9 23136  |a BO  |b BO  |d 2026-01-15  |i 6217  |l 0  |o DOC 711.409 LAZ  |p BO6217  |r 2026-01-15 23:22:46  |w 2026-01-15  |x [Sebina 5] [1 v.]  |y BK  |z 1 v. 
999 |c 19729  |d 19729